000 00677nam a2200217Ia 4500
008 220216s9999 xx 000 0 und d
100 _aJacob J
245 0 _aTapping panel dryness syndrome: What we know and what we do not know
260 _bIn: Tapping Panel Dryness of Rubber Trees (Eds.James Jacob; R Krishnakumar and N.M. Mathew) Rubber Research Institute of India, Kottayam, 2006, pp. 1-27.
650 _aCauses
650 _aManagement
650 _aMolecular basis
650 _aNutrition
650 _aOver-exploitation
650 _aPathology
650 _aPhysiology
650 _aSymptoms
650 _aTPD
700 _aKrishnakumar R
942 _cBS
999 _c50745
_d50745